Centellas Ignacias. Sentencias sagradas de San Ignacio de Loyola fundador de la Compañía de Jesús.

Detalles Bibliográficos
Autor principal: HENEVESI, Gabriel
Formato: Libro
Publicado: Sevilla
Materias:
Colección:Banco de datos
Acervo:Biblioteca del Convento de Santa Mónica de la Ciudad de Puebla. Puebla
Tema general:Ascética
Notas:Buena. I4, 16.
LEADER 00720nam a22001930004500
035 |a 51641 
036 |a 1409 
100 1 |a HENEVESI, Gabriel 
245 1 0 |a Centellas Ignacias. Sentencias sagradas de San Ignacio de Loyola fundador de la Compañía de Jesús.  |c tr. Pedro Muñoz de Zárate 
260 |a Sevilla  |b ed. Pedro Muñoz de Zárate, imp. Francisco Sánchez 
500 |a Buena. I4, 16. 
650 1 0 |a Ascética 
949 |a CRP-SM 
959 |a Ex convento de Santa Mónica. Puebla, Puebla  |b CCC5 
960 |a Convento de Santa Mónica de la ciudad de Puebla  |b DD88 
961 |a Franciscana  |b OF 
942 |c CRP-SM 
943 |g Biblioteca del Convento de Santa Mónica de la Ciudad de Puebla. Puebla 
999 |c 961979  |d 961979